000 00394nam a22001577a 4500
003 macl
005 20170518130651.0
008 170518b xxu||||| |||| 00| 0 eng d
040 _cmacl
100 _aPatricia Sister
_967144
245 _avocabulary for Nurses
260 _aDelhi
_bSumit prakashan
_c2015
600 _aPatricia Sister
_967144
650 _aDictionary
_967145
942 _2ddc
_cBK
999 _c56332
_d56332